| 000 | 00459nam a2200133Ia 4500 | ||
|---|---|---|---|
| 008 | 250506s9999 xx 000 0 und d | ||
| 024 | _a15B-082-SE, 15B-028-SE, 15B-009-SE & 15B-055-SE | ||
| 082 | _a004.3761 AFR | ||
| 100 | _aAfraaz Hussain, Atif Jafri, Fariha Hussain & Syed Muhammad Nabeel | ||
| 245 | 0 | _aOntology Driven Semantic Search | |
| 260 |
_aKarachi: _bUIT, _c2005 |
||
| 600 | _aSoftware Engineering | ||
| 650 | _aBachelor of Computer Science (BS) | ||
| 999 |
_c28210 _d28210 |
||